Loading...
AN IT CENTRIC BPR : A WAY TO ENHANCE THE QUALITY AND ACCOUNTABILITY OF HIGHER EDUCATION
| Main Author: | |
|---|---|
| Format: | Journal Article |
| Published: |
SAJOSPS
2009
|
| Subjects: |
| LEADER | 00467nam a22001217a 4500 | ||
|---|---|---|---|
| 100 | |a ABBAS T. P. AND ASHA S |9 28641 | ||
| 245 | |a AN IT CENTRIC BPR : A WAY TO ENHANCE THE QUALITY AND ACCOUNTABILITY OF HIGHER EDUCATION | ||
| 260 | |b SAJOSPS |c 2009 | ||
| 300 | |a p.140-146 |b January-June | ||
| 650 | |a INFORMATION TECHNOLOGY; |a BUSINESS PROCESS REENGINEERING |9 28642 | ||
| 942 | |c JA | ||
| 999 | |c 80713 |d 80713 | ||
| 952 | |0 0 |1 0 |4 0 |7 0 |9 72732 |a MGUL |b MGUL |c JA |d 2016-03-05 |l 0 |r 2016-03-05 |w 2016-03-05 |y JA | ||